[Event "Parana-chT"]
[Site "Sao Jose dos Pinhais"]
[Date "2014.10.16"]
[Round "4.3"]
[White "Santos, Marcos Paulo"]
[Black "Barreto, Marcelo Ferreira"]
[Result "1/2-1/2"]
[WhiteElo "1769"]
[BlackElo "1514"]
[PlyCount "110"]
[EventDate "2014.10.13"]
[EventType "team-swiss"]
[EventRounds "6"]
[EventCountry "BRA"]
[SourceTitle "EXT 2015"]
[Source "ChessBase"]
[SourceDate "2014.11.20"]
[SourceVersion "1"]
[SourceVersionDate "2014.11.20"]
[SourceQuality "1"]
[WhiteTeam "Campo Mourao"]
[BlackTeam "Maringa"]
[WhiteTeamCountry "BRA"]
[BlackTeamCountry "BRA"]

1. d4 Nf6 2. Bg5 e6 3. Nf3 Be7 4. e3 Nc6 5. Nbd2 0-0 6. Bd3 d5 7. 0-0 b6 8. Re1 Nb4 9. Be2 c5 10. c3 Nc6 11. c4 cxd4 12. exd4 dxc4 13. Nxc4 Bb7 14. Bd3 Nb4 15. Bxf6 Bxf6 16. Be4 Bxe4 17. Rxe4 Qd5 18. Ncd2 Rac8 19. Qb3 Qxb3 20. Nxb3 Rc2 21. a3 Nd3 22. Re3 Nxf2 23. Rb1 Ng4 24. Rc3 Rxc3 25. bxc3 Rc8 26. Rc1 Ne3 27. Kf2 Nc4 28. a4 Kf8 29. Ke2 Ke7 30. g3 Kd6 31. h4 a5 32. Rb1 Kd5 33. Kd3 h6 34. Nfd2 Nxd2 35. Nxd2 Rc6 36. Nf1 Kd6 37. Ne3 g5 38. Ng4 Bg7 39. hxg5 hxg5 40. Rf1 f5 41. Ne3 Rc8 42. Nc4+ Kc6 43. Re1 Re8 44. d5+ Kxd5 45. Nxb6+ Kc6 46. Nc4 e5 47. Nxa5+ Kc7 48. c4 f4 49. gxf4 gxf4 50. Ke4 Ra8 51. Rg1 Bh8 52. Rh1 Rf8 53. Nb3 f3 54. Nd2 f2 55. Nf1 Rd8 1/2-1/2

[Event "Umuarama JOJUPS Cup"]
[Site "Umuarama"]
[Date "2013.??.??"]
[Round "1"]
[White "Trelha, Victor Hugo Salmaso"]
[Black "Santos, Marcos Paulo"]
[Result "1/2-1/2"]
[WhiteElo "1711"]
[BlackElo "1773"]
[PlyCount "127"]
[EventDate "2013.10.19"]
[EventType "team-swiss"]
[EventRounds "6"]
[EventCountry "BRA"]
[SourceTitle "EXT 2014"]
[Source "ChessBase"]
[SourceDate "2013.11.20"]
[SourceVersion "1"]
[SourceVersionDate "2013.11.20"]
[SourceQuality "1"]
[WhiteTeam "Londrina"]
[BlackTeam "Campo Mourao"]
[WhiteTeamCountry "BRA"]
[BlackTeamCountry "BRA"]

1. e4 e5 2. Nf3 Nc6 3. d4 d6 4. dxe5 Nxe5 5. Nxe5 dxe5 6. Qxd8+ Kxd8 7. Bc4 Nf6 8. Nc3 Bb4 9. Bg5 Ke7 10. Bxf6+ Kxf6 11. Ke2 Bg4+ 12. f3 Be6 13. Bxe6 Kxe6 14. Nd5 Bd6 15. Rad1 c6 16. Ne3 Rad8 17. Rd3 Bc5 18. Nf5 g6 19. Ng3 Rxd3 20. cxd3 Rd8 21. Rc1 Be7 22. a3 Bg5 23. Rc2 Bf4 24. Nf1 Ke7 25. b4 Rd6 26. b5 cxb5 27. g3 Bh6 28. h4 Rc6 29. Rb2 a6 30. Ne3 Bxe3 31. Kxe3 Rc3 32. a4 bxa4 33. Rxb7+ Kf8 34. Rb6 Ra3 35. Rxa6 Ra1 36. f4 exf4+ 37. Kxf4 a3 38. Ke5 Rg1 39. Rxa3 Rxg3 40. Kf4 Rg1 41. d4 h5 42. Rh3 f6 43. d5 Ke7 44. Ke3 Ra1 45. Rh2 Kd6 46. Rg2 Rh1 47. Rxg6 Ke5 48. Rg8 Rh3+ 49. Ke2 Kxe4 50. d6 Re3+ 51. Kf2 Rd3 52. Rd8 Kf4 53. d7 Rd2+ 54. Ke1 Rd6 55. Ke2 Rd4 56. Ke1 Kf3 57. Rh8 Rxd7 58. Rxh5 Rf7 59. Rh8 Kg3 60. h5 Kh4 61. Kf2 f5 62. Kf3 f4 63. h6 Kh5 64. Rg8 1/2-1/2